000 01352nam a2200349 a 4500
001 000108581
003 CHAP
005 20220329144017.0
008 140225s2012 mx sm |||||||spa d
010 _a105043
011 _a106015
040 _cCHAP
090 _aTesis
100 0 0 _aPrado Hernández, Jorge Víctor.
_991267
245 1 0 _aModelación de fluidos aplicada al mejoramiento del uso de agua en la agrícultura de riego
_h[En línea]
_cpor Jorge Víctor Prado Hernández.
260 _aChapingo, Méx. :
_bEl autor,
_c2012.
500 _aPara ver el contenido del material haga clic en la liga
502 _aTesis (Ph. D. en Ingeniería Agrícola y uso Integral del Agua) -- UACH. Posgrado en Ingeniería Agrícola y uso Integral de Riego
590 _aBATCH-UPD
_b05
_c20140324
_lUCH01
_h1535
590 _aBATCH-UPD
_b05
_c20141002
_lUCH01
_h0856
590 _aE5652GLJ
_b05
_c20140523
_lUCH01
_h0916
590 _aE5765TAJ
_b05
_c20140225
_lUCH01
_h1315
590 _aE5765TAJ
_b05
_c20140225
_lUCH01
_h1319
590 _aE5765TAJ
_b05
_c20140225
_lUCH01
_h1337
650 1 4 _aAgricultura
_91172
650 1 4 _aAgua para irrigación
_xMéxico.
_92438
650 1 4 _aIrrigación
_xModelos matemáticos.
_960431
856 _aFinding aid
_uhttp://10.13.5.2/tesis/sist108581.pdf
_zTeclea aquí
901 _aBK
942 _cTESIS
942 _n0
999 _c105043
_d105043